Efektívne zdanenie finančného sektora

Priame a nepriame náklady na záchranu finančných inštitúcií. Zdanenie finančných inštitúcií ako užitočný nástroj obozretných politík. Nejednotný prístup k zdaneniu finančných inštitúcií v EÚ. Nápravná daň zdaňujúca finančné inštitúcie. Daň z finančných aktivít. Podmienky efektívneho dodatočného zdan...

Ausführliche Beschreibung

Gespeichert in:
Bibliographische Detailangaben
1. Verfasser: Tözsér, Tomáš
Format: Buchkapitel
Sprache:Slowakisch
Schlagworte:
Tags: Tag hinzufügen
Keine Tags, Fügen Sie das erste Tag hinzu!

MARC

LEADER 00000naa a2200000 4500
001 0141508
005 20231116091200.5
041 0 |a slo 
044 |a SK 
245 1 0 |a Efektívne zdanenie finančného sektora  |c Tomáš Tözsér 
520 |a Priame a nepriame náklady na záchranu finančných inštitúcií. Zdanenie finančných inštitúcií ako užitočný nástroj obozretných politík. Nejednotný prístup k zdaneniu finančných inštitúcií v EÚ. Nápravná daň zdaňujúca finančné inštitúcie. Daň z finančných aktivít. Podmienky efektívneho dodatočného zdanenia finančných inštitúcií. 
610 2 0 |a kríza finančná 
610 2 0 |a regulácia štátna 
610 2 0 |a inštitúcie finančné 
610 2 0 |a zdaňovanie 
610 2 0 |a náklady priame 
610 2 0 |a náklady nepriame 
100 1 |a Tözsér, Tomáš